000 02303cam a22001934a 4500
005 20250605164204.0
008 250528s ||||||||||||||||||||||||d
035 _a19841
040 _aGR-AtMCL
_bgre
_dGR-AtMCL
_eAACR2
245 1 _aΕσωτερική Παθολογία / Δέκατη Έκδοση.
_nΤόμος Α'
250 _a10η
260 _bΓρηγόριος Κ. Παρισιάνος,
_c1986
300 _a1124
520 _aΠρόλογος, Εισαγωγή στην Κλινική Ιατρική, Κύριες Εκδηλώσεις της Νόσου: Προσπέλαση στα Κλινικά Προβλήματα, Πόνος, Μεταβολές της Θερμοκρασίας του Σώματος, Διαταραχές της Λειτουργίας του Νευρικού Συστήματος, Διαταραχές της Κυκλοφορικής και Αναπνευστικής Λειτουργίας, Μεταβολές της Γαστρεντερικής Λειτουργίας, Διαταραχές της Νεφρικής Λειτουργίας, Μεταβολές της Αναπαραγωγικής και Γενετήσιας Λειτουργίας, Δερματικές Βλάβες, Βιολογική Θεώρηση κατά την Προσέγγιση στην Κλινική Ιατρική, Γενετική και Νόσοι στον Άνθρωπο, Νόσοι με Υπο- ή Υπερπαραγωγή Ανοσοσφαιρίνων, Κλινική Φαρμακολογία, Διατροφή, Μεταβολικές Οδοί, Μεταβολικές Διαταραχές, Διαταραχές του Μεταβολισμού των Αμινοξέων, Διαταραχές του Μεταβολισμού των Νουκλεϊνικών Οξέων, Διαταραχές Μετάλλων και Μεταλλοπρωτεϊνών, Διαταραχές του Μεταβολισμού των Υδατανθράκων, Διαταραχές του Μεταβολισμού των Λιπιδίων, Γενετικές Διαταραχές που Προβάλουν Πολλαπλά Οργανικά Συστήματα, Ενδοκρινικά Νοσήματα, Νεοπλασία.
700 1 _aHarrison T. R
_96003
942 _cBK
999 _c5087
_d5087